La violencia de las formas jurd̕icas la sociologa̕ del poder y el derecho de Pierre Bourdieu /

Detalles Bibliográficos
Autor principal: Garca̕ Inda, Andrš
Formato: Desconocido
Lenguaje:español
Publicado: Barcelona : Cedecs, 1999
Materias:
Acceso en línea:Acceso restringido

MARC

LEADER 00000ny a22000003n 4500
005 2011062305155.0
008 100324s1999 sp s 000 0 spa d
020 |a 9788489171961 
035 |a 4847 
040 |a BUS  |d vLex 
080 |a 316.2 Bourdieu, Pierre 
080 |a 340.114 : 316 
090 |c 1186  |d 1186 
100 1 |a Garca̕ Inda, Andrš 
245 1 3 |a La violencia de las formas jurd̕icas  |h [Recurso electrn̤ico]  |b la sociologa̕ del poder y el derecho de Pierre Bourdieu /  |c Andrš Garca̕ Inda 
256 |a Servicio en ln̕ea 
260 |a Barcelona :  |b Cedecs,  |c 1999 
300 |a p. ;  |c cm 
506 1 |a Contenido solo disponible en los productos indicados  |d vLex Global  |d vLex Global (Academic Edition, excluding Law Schools)  |d vLex Global (U.S. Academic Edition, Law Schools)  |d vLex Global (U.S. Academic Edition, excluding Law Schools)  |d vLex Global (Academic Edition, Law Schools) 
600 1 4 |a Bourdieu, Pierre,  |d 1930-2002 
650 0 4 |a Ciencias sociales  |x Publicaciones perid̤icas 
650 0 4 |a Derecho  |x Publicaciones perid̤icas 
650 0 4 |a Sociologa̕ jurd̕ica  |x Publicaciones perid̤icas 
740 0 |a vLex Libros (Servicios en ln̕ea) 
856 4 0 |z Acceso restringido  |u http://vlex.com/source/violencia-formas-juridicas-sociologia-poder-derecho-pierre-bourdieu-4847 
942 |c BOOK